000 00600nam a2200277Ia 4500
005 20260401122458.0
008 008 250103s9999 xx 000 0 eng d
020 _a9780195689587
037 _aTB
040 _aEDL
040 _beng
040 _cEDL
041 _2eng
041 _aeng
084 _a891.43RAJ
084 _qEDL
245 0 _aGrey Areas: An anthology of Indianfiction on ageing
260 _aNew Delhi
260 _bOxford
260 _c2010
300 _a253p
942 _cTB
942 _h891.43RAJ
999 _c1847562
_d1847562